书目信息 |
| 题名: |
南昌起义的元勋们
|
|
| 作者: | 张高陵 著 | |
| 分册: | ||
| 出版信息: | 北京 中共中央党校出版社 1997 |
|
| 页数: | 407页 | |
| 开本: | 20cm | |
| 丛书名: | ||
| 单 册: | ||
| 中图分类: | K263.106 | |
| 科图分类: | ||
| 主题词: | 南昌起义(1927)--史料 | |
| 电子资源: | ||
| ISBN: | 7-5035-1543-0 | |
| 000 | 00568nam0 2200193 450 | |
| 001 | 0753831260 | |
| 005 | 20070714105728.85 | |
| 010 | @a7-5035-1543-0@dCNY18.40 | |
| 100 | @a20070709d1997 km y0chiy0120 ea | |
| 101 | 0 | @achi |
| 102 | @aCN@b110000 | |
| 200 | 1 | @a南昌起义的元勋们@Anan chang qi yi de yuan xun men@f张高陵著@Fzhang gao ling zhu |
| 210 | @a北京@c中共中央党校出版社@d1997 | |
| 215 | @a407页@d20cm | |
| 606 | 0 | @a南昌起义(1927)@x史料 |
| 690 | @aK263.106@v3 | |
| 701 | 0 | @a张高陵@Azhang gao ling@4著 |
| 801 | 0 | @aCN@bPFT@c20070714 |
| 905 | @a10447@dK263.106@e22 | |
| 南昌起义的元勋们/张高陵著.-北京:中共中央党校出版社,1997 |
| 407页;20cm |
| ISBN 7-5035-1543-0:CNY18.40 |
| ● |
| 相关链接 |
|
|
|
|
正题名:南昌起义的元勋们
索取号:K263.106/22
 
预约/预借
| 序号 | 登录号 | 条形码 | 馆藏地/架位号 | 状态 | 备注 |
| 1 | 0768415 | 207684157 | 第二样本阅览室/ [索取号:K263.106/22] | 在馆 |